000 00667cam a2200241 4500500
005 20260405003317.0
041 _afre
042 _adc
100 1 0 _aPortevin, Catherine
_eauthor
245 0 0 _aLe Peuple du Larzac
260 _c2021.
500 _a53
690 _aEdouard Glissant
690 _aHistoire
690 _aLarzac
690 _aPhilippe Artières
690 _aréfugiés
690 _aRésistance
690 _aTerroir
690 _aZAD
786 0 _nPhilosophie magazine | 150 | 6 | 2021-06-01 | p. 86-86 | 1951-1787
856 4 1 _uhttps://shs.cairn.info/magazine-philosophie-magazine-2021-6-page-86?lang=fr&redirect-ssocas=7080
999 _c2066373
_d2066373